Aligner orthodontics : (Record no. 28486)
[ view plain ]
| 000 -LEADER | |
|---|---|
| fixed length control field | 01305cam a22003617i 4500 |
| 001 - CONTROL NUMBER | |
| control field | 19360309 |
| 003 - CONTROL NUMBER IDENTIFIER | |
| control field | EG-ScBUE |
| 005 - DATE AND TIME OF LATEST TRANSACTION | |
| control field | 20200709123301.0 |
| 008 - FIXED-LENGTH DATA ELEMENTS--GENERAL INFORMATION | |
| fixed length control field | 161101t2016 enka f b 000 0 eng d |
| 020 ## - INTERNATIONAL STANDARD BOOK NUMBER | |
| International Standard Book Number | 9781850972846 |
| 020 ## - INTERNATIONAL STANDARD BOOK NUMBER | |
| International Standard Book Number | 1850972842 |
| 035 ## - SYSTEM CONTROL NUMBER | |
| System control number | (OCoLC)ocn906010197 |
| 040 ## - CATALOGING SOURCE | |
| Original cataloging agency | NLM |
| Language of cataloging | eng |
| Description conventions | rda |
| Transcribing agency | NLM |
| Modifying agency | YDXCP |
| -- | BTCTA |
| -- | UAB |
| -- | UBC |
| -- | OCLCF |
| -- | IAX |
| -- | DLC |
| -- | EG-ScBUE |
| 082 04 - DEWEY DECIMAL CLASSIFICATION NUMBER | |
| Classification number | 617.643 |
| Item number | SCH |
| Edition number | 22 |
| 100 1# - MAIN ENTRY--PERSONAL NAME | |
| Personal name | Schupp, Werner, |
| Relator term | author. |
| 245 10 - TITLE STATEMENT | |
| Title | Aligner orthodontics : |
| Remainder of title | diagnostics, biomechanics, planning and treatment / |
| Statement of responsibility, etc | Werner Schupp, Julia Haubrich. |
| 264 #1 - PUBLICATION, DISTRIBUTION, ETC. (IMPRINT) | |
| Place of publication, distribution, etc | New Malden, United Kingdom : |
| Name of publisher, distributor, etc | Quintessence Publishing, |
| Date of publication, distribution, etc | [2016] |
| 264 #4 - PUBLICATION, DISTRIBUTION, ETC. (IMPRINT) | |
| Date of publication, distribution, etc | ©2016. |
| 300 ## - PHYSICAL DESCRIPTION | |
| Extent | viii, 358 pages : |
| Other physical details | illustrations (chiefly color) ; |
| Dimensions | 29 cm |
| 336 ## - CONTENT TYPE | |
| Content type term | text |
| Content type code | txt |
| Source | rdacontent |
| 337 ## - MEDIA TYPE | |
| Media type term | unmediated |
| Media type code | n |
| Source | rdamedia |
| 338 ## - CARRIER TYPE | |
| Carrier type term | volume |
| Carrier type code | nc |
| Source | rdacarrier |
| 504 ## - BIBLIOGRAPHY, ETC. NOTE | |
| Bibliography, etc | Includes bibliographical references. |
| 650 #7 - SUBJECT ADDED ENTRY--TOPICAL TERM | |
| Topical term or geographic name as entry element | Orthodontics, Corrective. |
| Source of heading or term | BUEsh |
| 650 #7 - SUBJECT ADDED ENTRY--TOPICAL TERM | |
| Topical term or geographic name as entry element | Orthodontic appliances. |
| Source of heading or term | BUEsh |
| 9 (RLIN) | 39694 |
| 650 #7 - SUBJECT ADDED ENTRY--TOPICAL TERM | |
| Topical term or geographic name as entry element | Orthodontics. |
| Source of heading or term | BUEsh |
| 653 ## - INDEX TERM--UNCONTROLLED | |
| Resource For college | Dentistry |
| Arrived date list | July2020 |
| 655 ## - INDEX TERM--GENRE/FORM | |
| Form subdivision | Reading book |
| 9 (RLIN) | 34232 |
| 700 1# - ADDED ENTRY--PERSONAL NAME | |
| Personal name | Haubrich, Julia, |
| Relator term | author. |
| 906 ## - LOCAL DATA ELEMENT F, LDF (RLIN) | |
| a | 7 |
| b | cbc |
| c | copycat |
| d | 2 |
| e | ncip |
| f | 20 |
| g | y-gencatlg |
| 942 ## - ADDED ENTRY ELEMENTS (KOHA) | |
| Source of classification or shelving scheme | Dewey Decimal Classification |
| Koha item type | Book - Borrowing |
| Withdrawn status | Lost status | Source of classification or shelving scheme | Damaged status | Not for loan | Collection code | Home library | Current library | Date acquired | Total Checkouts | Total Renewals | Full call number | Barcode | Date last seen | Date checked out | Price effective from | Koha item type |
|---|---|---|---|---|---|---|---|---|---|---|---|---|---|---|---|---|
| Dewey Decimal Classification | Baccah | Central Library | Central Library | 09/07/2020 | 1 | 1 | 617.643 SCH | 000049254 | 07/10/2024 | 28/07/2020 | 09/07/2020 | Book - Borrowing |